000 01242cam a22002174a 4500
005 20250605164003.0
008 250528s ||||||||||||||||||||||||d
035 _a15729
020 _a130544051
040 _aGR-AtMCL
_bgre
_dGR-AtMCL
_eAACR2
245 1 _aMoney and Capital Markets / Second Edition
250 _a2nd
260 _c1993
300 _a652
520 _aA concise overview of financial markets and the various financial instruments traded in them. Introduction, Determinants of Interest Rates, Neo-Keynesian Model, The Federal Reserve, Issuers of Securities, Financial Intermediaries, Bank Regulation and Management, Efficient Markets, Spot and Forward Interest Rates, Coupon-Bearing Bonds, Money Market Instruments and Rates, Mort Ages, Bond Investment Risks and Portfolio Strategies, The Term Structure of Interest Rates, International Financial Markets, Equities, Future Contracts, Financial Future Contracts, Put and Call Options, Call Features and Bonds, Default Risk, Taxation, Financial Engineering: Specialized Financial Instruments, Present Value Tables, Index.
700 1 _aLivingston Miles
_91699
942 _cBK
710 2 _aNew York Institute Of Finance
_99721
999 _c1285
_d1285